| 000 | 00890nam a2200241 a 4500 | ||
|---|---|---|---|
| 001 | BRCA_2205 | ||
| 005 | 20190320203720.0 | ||
| 008 | 960206s1995 ec-a---##c---#000-0#eng-# | ||
| 020 | _a997872267X | ||
| 040 |
_aDLC _cDLC _dDLC |
||
| 041 | _aspaeng | ||
| 050 | 4 |
_aN7936.A1 _b.B36 1995 |
|
| 245 | 1 | 0 | _aCatálogo de la sala de arte colonial. |
| 260 |
_aQuito, Ecuador _bMuseo Nacional del Banco Central del Ecuador _c1995 |
||
| 300 |
_a35 p. _bil. a color _c28 cm. |
||
| 440 | 0 |
_aCatálogos de los Museos del Banco Central del Ecuador _v3 _96642 |
|
| 500 | _aCatálogo de la exposición realizada en el Museo del Banco Central del Ecuador, 1995 | ||
| 546 | _aTexto en : inglés y español | ||
| 650 | 1 | 4 |
_aArte colonial _vExposiciones _zEcuador _96643 |
| 650 | 1 | 4 |
_aArte ecuatoriano _vExposiciones _96644 |
| 650 | 1 | 4 |
_aArte cristiano y simbolismo _vExposiciones _zEcuador _96645 |
| 942 |
_2lcc _cB |
||
| 999 |
_c1961 _d1961 |
||